| 000 | 01347cam a2200337 a 4500 | ||
|---|---|---|---|
| 999 |
_c7036 _d7036 |
||
| 001 | 2127370 | ||
| 003 | OSt | ||
| 005 | 20210830094636.0 | ||
| 008 | 971202s1998 enka b 001 0 eng | ||
| 010 | _a 97046769 | ||
| 020 | _a0521620414 (hardcover) | ||
| 020 | _a0521629713 (pbk.) | ||
| 040 |
_aDLC _cDLC _dDLC |
||
| 050 | 0 | 0 |
_aQP620 _b.B576 1998 |
| 082 | 0 | 0 | _a572.8BIO1998 |
| 100 |
_aRichard Durbin...[et al.]. _914470 |
||
| 245 | 0 | 0 |
_aBiological sequence analysis : _bprobabalistic models of proteins and nucleic acids / _cRichard Durbin ... [et al.]. |
| 260 |
_aCambridge, UK : _aNew York : _bCambridge University Press, _c1998. |
||
| 300 |
_axi,356 p. : _bill. ; _c26 cm. |
||
| 504 | _aIncludes bibliographical, index | ||
| 650 | 0 |
_aNucleotide sequence _xStatistical methods. _914471 |
|
| 650 | 0 |
_aBiology _xStatistical methods. _914472 |
|
| 650 | 0 |
_aNumerical analysis. _93742 |
|
| 650 | 0 |
_aProbabilities. _92821 |
|
| 700 | 1 |
_aDurbin, Richard. _914473 |
|
| 856 | 4 | 2 |
_3Publisher description _uhttp://www.loc.gov/catdir/description/cam028/97046769.html |
| 856 | 4 | 1 |
_3Table of contents _uhttp://www.loc.gov/catdir/toc/cam025/97046769.html |
| 906 |
_a7 _bcbc _corignew _d1 _eocip _f19 _gy-gencatlg |
||
| 942 |
_2ddc _cO_SHELF |
||